000 00957nam a22002417a 4500
005 20240530110552.0
008 160721s2014 ua f b 000 0 ara d
017 _a2013/23254
_bمصر . دار الكتب المصرية
020 _a9789774115157
040 _aEG-CaGPL
082 0 4 _221
_a379.65\
_bل ت
100 0 _aلخضر غول
245 1 2 _aالتربية و التعليم و استراتيجية التنمية فى العالم العربى /
_cلخضر غول
250 _aط. 1
260 _aالقاهرة :
_bالمكتبة المصرية للنشر و التوزيع ،
_c2014 .
300 _a208 ص. ؛
_c24 سم .
504 _aيشتمل على ارجاعات ببليوجرافية
650 0 4 _aالتعليم
_zالعالم العربى
650 0 4 _aالتعليم
_zالجزائر
650 0 4 _aالسياسة التعليمية
651 0 4 _aالعالم العربى
_xالتخطيط التربوى
942 _2ddc
_cBK
999 _c62481
_d62481